[Event "XLI Rilton Cup 2011-12"]
[Site "Stockholm SWE"]
[Date "2012.01.04"]
[Round "8"]
[Board "30"]
[White "Agrest, Inna"]
[Black "Holving, Rasmus"]
[Result "1-0"]
[WhiteTitle "WIM"]
[WhiteElo "2189"]
[BlackElo "2221"]
[WhiteFideId "1708830"]
[BlackFideId "1703145"]
[EventDate "2011.12.27"]

1. e4 Nc6 2. d4 d5 3. e5 Bf5 4. c3 f6 5. f4 Nh6 6. Nf3 Qd7 7. Nbd2 e6 8. Be2 Be7
9. h3 Be4 10. exf6 Bxf6 11. Nxe4 dxe4 12. Ng5 Nf5 13. Nxe4 Bh4+ 14. Nf2 Ng3 15.
Rg1 Ne4 16. Be3 O-O 17. Bf3 Nxf2 18. Bxf2 Bxf2+ 19. Kxf2 Rxf4 20. Re1 Raf8 21.
Qe2 R8f6 22. Rad1 Nd8 23. Kg1 c6 24. Rd3 Qf7 25. c4 h6 26. b3 Kh7 27. d5 g6 28.
Qd2 cxd5 29. cxd5 1-0

[Event "XLI Rilton Cup 2011-12"]
[Site "Stockholm SWE"]
[Date "2012.01.04"]
[Round "8"]
[Board "32"]
[White "Isetoft, Daniel"]
[Black "Cederstam-Barsk, Carl"]
[Result "0-1"]
[WhiteElo "2206"]
[BlackElo "2129"]
[WhiteFideId "1708996"]
[BlackFideId "1713329"]
[EventDate "2011.12.27"]

1. e4 d6 2. Nf3 Nf6 3. Nc3 Bg4 4. h3 Bh5 5. d3 e6 6. Be2 c6 7. O-O Be7 8. Re1 d5
9. e5 Nfd7 10. d4 O-O 11. Be3 Qc7 12. Nb1 c5 13. c3 Nc6 14. Nbd2 a6 15. a3 b5
16. Bg5 Bxg5 17. Nxg5 Bxe2 18. Qxe2 h6 19. Ngf3 c4 20. Nh4 Qd8 21. Qg4 Kh7 22.
f4 g6 23. Kh2 Ne7 24. Rg1 a5 25. Qf3 Nc6 26. Qf2 b4 27. axb4 axb4 28. Rxa8 Qxa8
29. g4 bxc3 30. bxc3 Qa2 31. Qe3 Rb8 32. Rg2 Rb2 33. f5 Rc2 34. fxg6+ fxg6 35.
Qf4 Nd8 36. Ndf3 Rxg2+ 37. Nxg2 Qc2 38. h4 Qxc3 39. h5 Qc2 40. hxg6+ Qxg6 41.
Ngh4 Qe4 42. Qxe4+ dxe4 43. Ne1 Nc6 44. Nc2 Nb6 45. Kg3 Nd5 46. Kf2 Ncb4 47.
Nxb4 Nxb4 48. Ng2 Nd5 49. Ne1 Kg6 50. Nc2 Kg5 51. Kg3 c3 52. Kh3 Kf4 53. Kh4 e3
54. Kh3 e2 0-1

[Event "XLI Rilton Cup 2011-12"]
[Site "Stockholm SWE"]
[Date "2012.01.04"]
[Round "8"]
[Board "34"]
[White "Hedstrom, Johan"]
[Black "Martynov, Pavel2"]
[Result "0-1"]
[WhiteElo "2100"]
[BlackElo "2211"]
[WhiteFideId "1714813"]
[BlackFideId "4122186"]
[EventDate "2011.12.27"]

1. e4 e6 2. d3 d5 3. Nd2 c5 4. g3 Nf6 5. Bg2 Nc6 6. Ngf3 g6 7. O-O Bg7 8. Nh4
O-O 9. f4 b5 10. e5 Nd7 11. c4 bxc4 12. dxc4 Nb6 13. cxd5 exd5 14. Nb3 c4 15.
Nd4 Nxd4 16. Qxd4 Qc7 17. Bd2 Bb7 18. Rae1 Rfe8 19. Re2 Bf8 20. Be3 Rad8 21. b3
Ba6 22. Rc1 Qd7 23. Rd2 Rc8 24. Qb2 Bb4 25. Rdd1 Qe7 26. Qf2 Ba3 27. Rc2 cxb3
28. axb3 Rxc2 29. Qxc2 Rc8 30. Qa2 Bb5 31. Nf3 Rc3 32. Bf2 Bd3 33. Ne1 Bf5 34.
Ra1 Bc5 35. Qxa7 Bxf2+ 36. Kxf2 Qc5+ 37. Kf1 Rxb3 38. Qb8+ Kg7 39. Qd8 Nd7 40.
Qa5 Qd4 41. Qa7 Nc5 42. Qe7 Nd7 43. Ra2 Bd3+ 44. Nxd3 Qxd3+ 45. Kg1 Qb1+ 46. Bf1
Rf3 47. Rf2 Qb6 48. Bb5 Qxf2+ 49. Kh1 Rb3 0-1

[Event "XLI Rilton Cup 2011-12"]
[Site "Stockholm SWE"]
[Date "2012.01.04"]
[Round "8"]
[Board "36"]
[White "Kwapinski, Leszek"]
[Black "Kassani, Sam"]
[Result "1-0"]
[WhiteElo "2051"]
[BlackElo "1998"]
[WhiteFideId "1409883"]
[BlackFideId "1709089"]
[EventDate "2011.12.27"]

1. e4 c5 2. Nf3 Nc6 3. d4 cxd4 4. Nxd4 g6 5. Nc3 Bg7 6. Be3 Nf6 7. Bc4 O-O 8.
Bb3 a5 9. a4 d6 10. h3 Bd7 11. O-O Nxd4 12. Bxd4 Bc6 13. Nd5 Nxe4 14. Bxg7 Kxg7
15. Qd4+ Nf6 16. Nxf6 e5 17. Nh5+ gxh5 18. Qd1 Qg5 19. Bd5 Ra6 20. Ra3 h4 21.
Bxc6 Rxc6 22. Rd3 Kh8 23. f4 exf4 24. Rd5 Qf6 25. c3 Rc4 26. Rxd6 Qg5 27. Rd4
Rg8 28. Rf2 Rcc8 29. Rdxf4 Rcd8 30. Rd4 Rde8 31. Rg4 Rd8 32. Qf3 Qe7 33. Rd4
Rxd4 34. cxd4 Rd8 35. d5 Qe1+ 36. Rf1 Qe7 37. Qc3+ Kg8 38. Qxa5 Rd6 39. Qc5 b6
40. Qd4 Qg5 41. Rd1 Rg6 42. Qd2 Qxd2 43. Rxd2 Kf8 44. d6 Ke8 45. d7+ Kd8 46. Rd4
h6 47. b4 Rf6 48. Kh2 Rg6 49. Rd5 Rf6 50. Kg1 Rf4 51. Rb5 Rf6 52. a5 bxa5 53.
bxa5 Kxd7 54. Rb7+ Kc8 55. Ra7 Kb8 56. Re7 Rf5 57. a6 h5 58. Rb7+ Ka8 59. Rb4
Ka7 60. Ra4 Rf6 61. Rxh4 Kxa6 62. Rxh5 Kb7 63. Rc5 Rc6 64. Rxc6 Kxc6 65. Kf2 Kd6
66. Kf3 Ke5 67. Kg4 Kf6 68. Kf4 Kg6 69. g4 Kf6 70. h4 Kg6 71. Ke5 Kg7 72. h5 Kf8
73. Kf6 Kg8 74. h6 Kf8 75. g5 1-0

[Event "XLI Rilton Cup 2011-12"]
[Site "Stockholm SWE"]
[Date "2012.01.04"]
[Round "8"]
[Board "37"]
[White "Hansson, Fredrik"]
[Black "Bryntze, Stefan"]
[Result "1-0"]
[WhiteElo "1985"]
[BlackElo "2175"]
[WhiteFideId "1713256"]
[BlackFideId "1709100"]
[EventDate "2011.12.27"]

1. e4 c5 2. c3 d6 3. d4 cxd4 4. cxd4 Nf6 5. Nc3 g6 6. Nf3 Bg7 7. Be2 O-O 8. O-O
a6 9. Bg5 h6 10. Bh4 g5 11. Bg3 Nh5 12. Rc1 Nc6 13. d5 Nxg3 14. hxg3 Ne5 15. Nd4
Qb6 16. Qd2 Qxd4 17. Qxd4 Nf3+ 18. gxf3 Bxd4 19. Rfd1 Ba7 20. f4 f5 21. e5 dxe5
22. fxe5 f4 23. Kg2 f3+ 24. Bxf3 g4 25. Be2 Rxf2+ 26. Kh1 b5 27. a3 Bb7 28. Bxg4
Be3 29. Be6+ Kg7 30. Rf1 Raf8 31. Rxf2 Rxf2 32. Re1 Bb6 33. Re4 h5 34. Rf4 Be3
35. Rxf2 Bxf2 36. Ne2 Bb6 37. Nf4 Bd4 38. Nd3 a5 39. b4 axb4 40. axb4 Kg6 41.
Kg2 Kg5 42. Kf3 Bc3 43. Ke4 Ba1 44. Bd7 Bc3 45. Nc5 Ba8 46. Ne6+ Kg4 47. Nf4+
Kg5 48. Bc6 Bxb4 49. Bxa8 Be1 50. d6 exd6 51. exd6 Kf6 52. Kd5 b4 53. Nxh5+ Kf7
54. Kc6 b3 55. Kc7 Kg6 56. g4 Kg5 57. d7 Ba5+ 58. Kd6 Kxg4 59. Ng7 Kf4 60. Bd5
b2 61. Ba2 Ke3 62. Ne6 Bb4+ 63. Nc5 Ba5 64. Nb7 1-0

[Event "XLI Rilton Cup 2011-12"]
[Site "Stockholm SWE"]
[Date "2012.01.04"]
[Round "8"]
[Board "38"]
[White "Olofsson-Dolk, Mattis"]
[Black "Evertsson, Lennart"]
[Result "1/2-1/2"]
[WhiteElo "1988"]
[BlackElo "2130"]
[WhiteFideId "1715178"]
[BlackFideId "1705156"]
[EventDate "2011.12.27"]

1. e4 c5 2. Nf3 d6 3. d4 cxd4 4. Nxd4 Nf6 5. Nc3 a6 6. Be3 e5 7. Nb3 Be6 8. f3
Qc7 9. Qd2 Nbd7 10. O-O-O Rc8 11. Kb1 Be7 12. g4 Nb6 13. g5 Nfd7 14. h4 Nc4 15.
Bxc4 Bxc4 16. Rh2 b5 17. h5 a5 18. Nd5 Bxd5 19. Qxd5 a4 20. Nc1 Qc4 21. Qxc4 1/2-1/2

[Event "XLI Rilton Cup 2011-12"]
[Site "Stockholm SWE"]
[Date "2012.01.05"]
[Round "9"]
[White "Ivanov, Sergey"]
[Black "Shimanov, Aleksandr"]
[Result "1/2-1/2"]
[WhiteTitle "GM"]
[BlackTitle "GM"]
[WhiteElo "2537"]
[BlackElo "2549"]
[WhiteFideId "4101375"]
[BlackFideId "4198603"]
[EventDate "2011.12.27"]

1. d4 d5 2. c4 c6 3. Nf3 Nf6 4. Nc3 e6 5. Bg5 h6 6. Bh4 dxc4 7. e4 g5 8. Bg3 b5
9. Ne5 h5 10. h4 g4 11. Be2 Bb7 12. f3 Nbd7 13. fxg4 hxg4 14. O-O Nxe5 15. Bxe5
Nd7 16. Bxh8 Qxh4 17. Bxg4 Qxh8 18. e5 O-O-O 19. Qe2 c5 20. Nxb5 a6 21. Rxf7
axb5 22. Bxe6 cxd4 23. Bxd7+ Rxd7 24. Qg4 Bc6 25. Rxd7 Bxd7 26. e6 d3 27. exd7+
Kd8 28. Qg5+ Be7 29. Qd5 Qxb2 30. Re1 Qb4 31. Qa8+ Kxd7 32. Qb7+ Kd8 33. Qb8+
Kd7 34. Qb7+ Kd8 35. Qb8+ 1/2-1/2

[Event "XLI Rilton Cup 2011-12"]
[Site "Stockholm SWE"]
[Date "2012.01.05"]
[Round "9"]
[White "Cicak, Slavko"]
[Black "Socko, Bartosz"]
[Result "1/2-1/2"]
[WhiteTitle "GM"]
[BlackTitle "GM"]
[WhiteElo "2566"]
[BlackElo "2635"]
[WhiteFideId "1700588"]
[BlackFideId "1107038"]
[EventDate "2011.12.27"]

1. Nf3 Nf6 2. d4 g6 3. Bg5 Bg7 4. Nbd2 h6 5. Bf4 d6 6. h3 O-O 7. c3 Re8 8. e4
Nbd7 9. Bc4 e5 10. dxe5 dxe5 11. Be3 b6 12. Qc2 Bb7 13. Nh2 Qe7 14. Ng4 Kh7 15.
Nxf6+ Nxf6 16. O-O Red8 17. Rfe1 h5 18. Bg5 Rd7 1/2-1/2

[Event "XLI Rilton Cup 2011-12"]
[Site "Stockholm SWE"]
[Date "2012.01.05"]
[Round "9"]
[White "Solak, Dragan"]
[Black "Volkov, Sergey"]
[Result "1/2-1/2"]
[WhiteTitle "GM"]
[BlackTitle "GM"]
[WhiteElo "2629"]
[BlackElo "2626"]
[WhiteFideId "916811"]
[BlackFideId "4122763"]
[EventDate "2011.12.27"]

1. e4 e6 2. d4 d5 3. Nd2 Nf6 4. e5 Nfd7 5. c3 c5 6. Bd3 Nc6 7. Ne2 cxd4 8. cxd4
f6 9. exf6 Nxf6 10. O-O Bd6 11. Nf3 O-O 12. Bf4 Bxf4 13. Nxf4 Ne4 14. g3 Qf6 1/2-1/2

[Event "XLI Rilton Cup 2011-12"]
[Site "Stockholm SWE"]
[Date "2012.01.05"]
[Round "9"]
[White "Tikkanen, Hans"]
[Black "L'Ami, Erwin"]
[Result "1/2-1/2"]
[WhiteTitle "GM"]
[BlackTitle "GM"]
[WhiteElo "2586"]
[BlackElo "2594"]
[WhiteFideId "1706446"]
[BlackFideId "1007998"]
[EventDate "2011.12.27"]

1. c4 Nf6 2. g3 c6 3. Bg2 d5 4. Nf3 g6 5. cxd5 cxd5 6. d4 Bg7 7. O-O O-O 8. Ne5
e6 9. Nc3 Nfd7 10. Nxd7 Bxd7 11. b3 Nc6 12. e3 Qa5 13. Bd2 Qa6 14. Qb1 Rac8 15.
Rd1 Rfd8 16. a3 b6 17. b4 Ne7 18. b5 Qb7 19. Qd3 Nf5 20. a4 Be8 21. Na2 Nd6 22.
Rac1 Rxc1 1/2-1/2

[Event "XLI Rilton Cup 2011-12"]
[Site "Stockholm SWE"]
[Date "2012.01.05"]
[Round "9"]
[White "Nithander, Victor"]
[Black "Berczes, David"]
[Result "1-0"]
[WhiteTitle "IM"]
[BlackTitle "GM"]
[WhiteElo "2423"]
[BlackElo "2555"]
[WhiteFideId "1707833"]
[BlackFideId "722960"]
[EventDate "2011.12.27"]

1. c4 Nf6 2. g3 c6 3. Nf3 d5 4. Bg2 dxc4 5. a4 Na6 6. Na3 Qd5 7. O-O e5 8. Ng5
Qc5 9. d3 h6 10. Be3 Qb4 11. Nf3 e4 12. dxe4 Nc5 13. Nd4 Ng4 14. Bd2 Qxb2 15.
Ba5 Ne6 16. Ndc2 Bc5 17. Nxc4 Qf6 18. Nd6+ Kf8 19. e3 h5 20. h3 b6 21. Bb4 Ba6
22. hxg4 Rd8 23. Bxc5 Nxc5 24. e5 Qxe5 25. Nc4 Qf6 26. Qe2 Qe6 27. N2a3 Nd3 28.
Rfd1 Bxc4 29. Nxc4 Qxc4 30. Ra3 Rh6 31. Raxd3 Rxd3 32. Qxd3 Qxd3 33. Rxd3 hxg4
34. Rd7 a5 35. Rc7 b5 36. Bxc6 b4 37. Bd5 1-0

[Event "XLI Rilton Cup 2011-12"]
[Site "Stockholm SWE"]
[Date "2012.01.05"]
[Round "9"]
[White "Semcesen, Daniel"]
[Black "Sipila, Vilka"]
[Result "0-1"]
[WhiteTitle "IM"]
[BlackTitle "FM"]
[WhiteElo "2490"]
[BlackElo "2316"]
[WhiteFideId "1706993"]
[BlackFideId "505455"]
[EventDate "2011.12.27"]

1. d4 Nf6 2. c4 g6 3. Nc3 d5 4. Nf3 Bg7 5. cxd5 Nxd5 6. e4 Nxc3 7. bxc3 c5 8.
Be3 Qa5 9. Qd2 Nc6 10. Rc1 O-O 11. d5 Rd8 12. Be2 b6 13. O-O Ba6 14. Bxa6 Qxa6
15. Qc2 Na5 16. c4 Rac8 17. Qa4 Bd4 18. Bf4 Bg7 19. Rfd1 Qb7 20. Bd2 Qc7 21.
Bxa5 bxa5 22. Rb1 Rb8 23. Qc2 Qf4 24. h3 a4 25. Qxa4 Rxb1 26. Rxb1 Qxe4 27. Re1
Qf4 28. Rxe7 Bd4 29. Qc2 Bf6 30. Re4 Qd6 31. Re3 h5 32. h4 Rb8 33. Rb3 Re8 34.
g3 Qd7 35. Kg2 Kg7 36. Qd3 Qd6 37. Rb5 Qa6 38. Qc2 Qa3 39. Rb7 Qa6 40. Rb1 Re7
41. Rb5 Qa3 42. Qb3 Qc1 43. Rxc5 Re2 44. d6 Rb2 45. Qd3 Rb1 46. Qxb1 Qxb1 47.
Rc7 Qe4 48. Rxa7 Qxc4 49. d7 Qd5 50. Ra4 Qxd7 51. Rf4 Qd5 52. a4 Be5 53. Rb4 Bc3
54. Rb5 Qc6 55. Rb3 f6 56. Rb5 Kh7 0-1

[Event "XLI Rilton Cup 2011-12"]
[Site "Stockholm SWE"]
[Date "2012.01.05"]
[Round "9"]
[White "Cramling, Pia"]
[Black "L'Ami, Alina"]
[Result "0-1"]
[WhiteTitle "GM"]
[BlackTitle "WGM"]
[WhiteElo "2495"]
[BlackElo "2364"]
[WhiteFideId "1700030"]
[BlackFideId "1210246"]
[EventDate "2011.12.27"]

1. Nf3 Nf6 2. g3 g6 3. b3 Bg7 4. Bb2 O-O 5. Bg2 d6 6. d4 a5 7. c4 a4 8. b4 c5 9.
dxc5 dxc5 10. Qxd8 Rxd8 11. b5 Nbd7 12. Na3 Nb6 13. O-O Be6 14. Rfc1 Bh6 15. e3
Ne4 16. Rc2 Nd6 17. Bf1 f6 18. Ne1 Bf5 19. Bd3 Bxd3 20. Nxd3 Ne4 21. Rd1 e5 22.
Rcc1 Rd7 23. Kf1 Rad8 24. Ke2 Bf8 25. f3 Ng5 26. Nf2 Kf7 27. Rxd7+ Rxd7 28. f4
exf4 29. gxf4 Ne6 30. Nd3 Bg7 31. Nb1 f5 32. Bxg7 Kxg7 33. h4 Kf6 34. Ne5 Rd8
35. Rg1 Ng7 36. Nd2 Ne8 37. a3 Nd6 38. h5 gxh5 39. Rg5 Nd7 40. Nd3 Nb6 41. Ne5
Nd7 42. Nef3 Nb6 43. Nh4 Nbxc4 44. Nxc4 Nxc4 45. Rxf5+ Ke6 46. Rxc5 Nxa3 47. Nf5
Rd5 48. Nd4+ Kd6 49. Rxd5+ Kxd5 50. Kd3 h4 51. e4+ Kc5 52. e5 h3 53. Nf3 Nxb5
54. f5 Nd4 0-1

[Event "XLI Rilton Cup 2011-12"]
[Site "Stockholm SWE"]
[Date "2012.01.05"]
[Round "9"]
[White "Smith, Axel"]
[Black "Westerberg, Jonathan"]
[Result "1-0"]
[WhiteTitle "IM"]
[BlackTitle "FM"]
[WhiteElo "2480"]
[BlackElo "2321"]
[WhiteFideId "1707930"]
[BlackFideId "1701754"]
[EventDate "2011.12.27"]

1. d4 e6 2. c4 f5 3. Nc3 Nf6 4. e3 Bb4 5. Bd2 O-O 6. Bd3 Bxc3 7. Bxc3 Ne4 8.
Bxe4 fxe4 9. d5 Qh4 10. g3 Qe7 11. Ne2 d6 12. Qc2 Nd7 13. Nf4 Nc5 14. b4 Nd3+
15. Nxd3 exd3 16. Qxd3 exd5 17. Qxd5+ Be6 18. Qd4 Qf7 19. O-O-O Bxc4 20. Rd2 c5
21. bxc5 dxc5 22. Qxc5 Rfc8 23. Qe5 Bxa2 24. Rhd1 Be6 25. Rd6 Re8 26. R1d4 Ba2
27. Rf4 Rxe5 28. Rxf7 Kxf7 29. Bxe5 Be6 30. Bxg7 b5 31. Bd4 Rc8+ 32. Kb2 Bf5 33.
Rf6+ 1-0

[Event "XLI Rilton Cup 2011-12"]
[Site "Stockholm SWE"]
[Date "2012.01.05"]
[Round "9"]
[White "Socko, Monika"]
[Black "Arman, Deniz"]
[Result "1-0"]
[WhiteTitle "GM"]
[BlackTitle "FM"]
[WhiteElo "2479"]
[BlackElo "2304"]
[WhiteFideId "1106619"]
[BlackFideId "6302106"]
[EventDate "2011.12.27"]

1. c4 c5 2. Nc3 Nc6 3. Nf3 Nf6 4. d4 cxd4 5. Nxd4 d6 6. e4 g6 7. Be2 Bg7 8. Nc2
O-O 9. O-O Bd7 10. Be3 Qa5 11. Rb1 Rfc8 12. f4 Qd8 13. Kh1 Rab8 14. Bg1 a6 15.
a4 Na5 16. e5 Ne8 17. Nd5 b5 18. exd6 exd6 19. axb5 axb5 20. cxb5 Bxb5 21. Bxb5
Rxb5 22. Na3 Rb7 23. b4 Nc4 24. Nxc4 Rxc4 25. Qe2 Rc8 26. Rfe1 Kf8 27. Qa6 Rcb8
28. Ba7 Nc7 29. Nxc7 Qxc7 30. Bxb8 Qxb8 31. Qc6 Bf6 32. Re8+ Qxe8 33. Qxb7 Qe6
34. Qc6 Kg7 35. Rd1 Qb3 36. Qxd6 Bc3 37. f5 Qb2 38. Rf1 Bxb4 39. f6+ Kh6 40. Qg3
g5 41. Qh3+ Kg6 42. g4 1-0

[Event "XLI Rilton Cup 2011-12"]
[Site "Stockholm SWE"]
[Date "2012.01.05"]
[Round "9"]
[White "Blomqvist, Erik"]
[Black "Kenneskog, Theodor"]
[Result "1-0"]
[WhiteTitle "IM"]
[WhiteElo "2477"]
[BlackElo "2123"]
[WhiteFideId "1709437"]
[BlackFideId "1715011"]
[EventDate "2011.12.27"]

1. Nf3 Nf6 2. c4 g6 3. Nc3 d5 4. cxd5 Nxd5 5. Qa4+ Bd7 6. Qh4 Nxc3 7. bxc3 Bg7
8. Rb1 b6 9. d4 c5 10. Bh6 Bf6 11. Qf4 Nc6 12. e4 Rg8 13. e5 Bf5 14. Rd1 Bg7 15.
Bb5 Bd7 16. Ng5 f6 17. e6 Bxh6 18. exd7+ Qxd7 19. Qe4 Rc8 20. d5 Bxg5 21. Bxc6
Rxc6 22. dxc6 Qc7 23. Qe6 Rg7 24. g3 1-0

[Event "XLI Rilton Cup 2011-12"]
[Site "Stockholm SWE"]
[Date "2012.01.05"]
[Round "9"]
[White "Rasmussen, Allan Stig"]
[Black "Glantz, Robert"]
[Result "1-0"]
[WhiteTitle "GM"]
[WhiteElo "2541"]
[BlackElo "2289"]
[WhiteFideId "1406000"]
[BlackFideId "24629596"]
[EventDate "2011.12.27"]

1. d4 Nf6 2. g3 g6 3. Bg2 d5 4. Nf3 Bg7 5. c4 c6 6. b3 O-O 7. O-O Nbd7 8. Bb2 b6
9. Nc3 Bb7 10. Qc2 Re8 11. Rad1 Qc7 12. Qb1 Rad8 13. Rfe1 a6 14. Bc1 e5 15. cxd5
cxd5 16. dxe5 Nxe5 17. Nxe5 Rxe5 18. Bf4 Qxc3 19. Rc1 Qd4 20. e3 Rxe3 21. Bxe3
Qb4 22. a3 Qb5 23. Bd4 Bc8 24. Qb2 Nh5 25. Bxg7 Nxg7 26. Qf6 Rf8 27. Qc6 Qxb3
28. Qxc8 Rxc8 29. Rxc8+ Ne8 30. Rcxe8+ Kg7 31. R8e3 Qc4 32. Bf1 Qa4 33. Rd3 b5
34. Re5 a5 35. Rexd5 b4 36. axb4 axb4 37. R3d4 Qa2 38. Rb5 b3 39. Rdb4 b2 40.
Rxb2 1-0

[Event "XLI Rilton Cup 2011-12"]
[Site "Stockholm SWE"]
[Date "2012.01.05"]
[Round "9"]
[White "Leer-Salvesen, Bjarte"]
[Black "Glimbrant, Torbjorn"]
[Result "1/2-1/2"]
[WhiteTitle "IM"]
[WhiteElo "2380"]
[BlackElo "2250"]
[WhiteFideId "1501496"]
[BlackFideId "1700995"]
[EventDate "2011.12.27"]

1. c4 g6 2. g3 Bg7 3. Bg2 f5 4. Nc3 e5 5. d3 Nc6 6. Nf3 d6 7. O-O Nge7 8. Rb1 h6
9. Bd2 O-O 10. b4 a6 11. a4 a5 12. b5 Nb4 13. Nd5 Nbxd5 14. cxd5 Kh7 15. Qb3 b6
16. Rbc1 g5 17. Rc4 Ng6 18. Rfc1 Ra7 19. Qc2 Rf7 20. Be3 Rb7 21. Rc6 Qf6 22.
Bxb6 Rxb6 23. Rxb6 cxb6 24. Qxc8 e4 25. Nd2 exd3 26. exd3 Re7 27. Nc4 Ne5 28.
Ne3 Nxd3 29. Qxf5+ Qxf5 30. Nxf5 Nxc1 31. Nxe7 Ne2+ 32. Kf1 Nc3 33. Nc8 Nxa4 34.
Be4+ Kg8 35. Bc2 Nc3 36. Nxd6 a4 37. Ne4 Nxe4 38. Bxe4 a3 39. Bb1 Kf7 40. Ke2
Ke7 41. Kd3 Kd6 42. Ke4 Kc5 43. f4 gxf4 44. gxf4 Bf8 45. Ba2 Bd6 46. h3 Kxb5 47.
f5 Kb4 48. Kd3 Be7 49. Kd2 b5 50. Kd3 Bf6 51. Kc2 Kc5 52. Kd3 Kb4 53. Kd2 Kc5
54. Kd3 Kb4 55. Kc2 1/2-1/2

[Event "XLI Rilton Cup 2011-12"]
[Site "Stockholm SWE"]
[Date "2012.01.05"]
[Round "9"]
[White "Furhoff, Johan"]
[Black "Byklum, Bjornar"]
[Result "1-0"]
[WhiteTitle "IM"]
[BlackTitle "FM"]
[WhiteElo "2370"]
[BlackElo "2252"]
[WhiteFideId "1701797"]
[BlackFideId "1502123"]
[EventDate "2011.12.27"]

1. e4 d6 2. Nc3 Nf6 3. f4 Bg4 4. Be2 Bxe2 5. Qxe2 Nc6 6. e5 dxe5 7. fxe5 Nd5 8.
Nf3 e6 9. d4 Nxc3 10. bxc3 Be7 11. Rb1 b6 12. O-O O-O 13. Nd2 Qd5 14. Ne4 f5 15.
exf6 Bxf6 16. Nxf6+ Rxf6 17. Rxf6 gxf6 18. Bh6 Ne7 19. Qg4+ Ng6 20. Rf1 Kf7 21.
Bg5 f5 22. h4 Rg8 23. c4 h5 24. cxd5 hxg4 25. c4 Nf8 26. dxe6+ Nxe6 27. Rxf5+
Ke8 28. Re5 Kd7 29. d5 Nd4 30. Kf2 Kd6 31. Re4 Nf5 32. Rxg4 Re8 33. Rf4 Ke5 34.
Kf3 Nd4+ 35. Kg4 Ne2 36. Rf2 Kd4 37. Rf7 Kxc4 38. Rxc7+ Kxd5 39. Rxa7 Nd4 40.
Rd7+ Ke4 1-0

[Event "XLI Rilton Cup 2011-12"]
[Site "Stockholm SWE"]
[Date "2012.01.05"]
[Round "9"]
[White "Sagit, Rauan"]
[Black "Lindgren, Philip"]
[Result "1-0"]
[WhiteTitle "FM"]
[WhiteElo "2368"]
[BlackElo "2152"]
[WhiteFideId "1708376"]
[BlackFideId "1713230"]
[EventDate "2011.12.27"]

1. e4 c5 2. Nf3 d6 3. d4 cxd4 4. Nxd4 Nf6 5. Nc3 a6 6. Bc4 e6 7. Bb3 Nbd7 8. Be3
Nc5 9. f3 b5 10. O-O Bb7 11. a4 b4 12. Nce2 Nxb3 13. cxb3 Be7 14. Rc1 Rc8 15.
Rxc8 Qxc8 16. Qd2 d5 17. Rc1 Qa8 18. e5 Nd7 19. f4 Nc5 20. Qc2 Ne4 21. Qc7 Bd8
22. Nxe6 fxe6 23. Qxg7 Rf8 24. Qxh7 Rf7 25. Qg6 Kf8 26. Qxe6 d4 27. Nxd4 Bd5 28.
Qh6+ Kg8 29. Nf5 Qb7 30. Qg6+ Kf8 31. e6 Rf6 32. e7+ Bxe7 33. Rc8+ Qxc8 34. Qg7+
Ke8 35. Qxe7# 1-0

[Event "XLI Rilton Cup 2011-12"]
[Site "Stockholm SWE"]
[Date "2012.01.05"]
[Round "9"]
[White "Lundin, Jan"]
[Black "Golikov, Nikolai"]
[Result "1/2-1/2"]
[WhiteTitle "FM"]
[WhiteElo "2314"]
[BlackElo "2003"]
[WhiteFideId "1706896"]
[BlackFideId "24101630"]
[EventDate "2011.12.27"]

1. d4 Nf6 2. c4 e6 3. Nc3 Bb4 4. Bg5 c5 5. d5 exd5 6. cxd5 d6 7. e3 Nbd7 8. Bd3
Qa5 9. Ne2 Nxd5 10. O-O Bxc3 11. bxc3 c4 12. Bf5 O-O 1/2-1/2

[Event "XLI Rilton Cup 2011-12"]
[Site "Stockholm SWE"]
[Date "2012.01.05"]
[Round "9"]
[White "Dragicevic, Drazen"]
[Black "Von Bahr, Oskar"]
[Result "1/2-1/2"]
[WhiteTitle "FM"]
[WhiteElo "2312"]
[BlackElo "2284"]
[WhiteFideId "1707922"]
[BlackFideId "1703250"]
[EventDate "2011.12.27"]

1. c4 Nf6 2. g3 c5 3. Bg2 d5 4. cxd5 Nxd5 5. Nc3 Nc7 6. Nf3 Nc6 7. O-O e5 8. a3
f6 9. e3 Be7 10. d4 cxd4 11. exd4 exd4 12. Ne2 Ne6 13. b4 d3 14. Nf4 Nxf4 15.
Bxf4 O-O 16. b5 Na5 17. Rc1 Bd6 18. Bd2 Be6 19. Nd4 Bf7 20. Qa4 Be5 21. Bxa5
Qxd4 22. Qxd4 Bxd4 23. Bxb7 Rab8 24. Be4 Bg6 25. Bxg6 hxg6 26. a4 Rf7 27. Rfd1
Rd7 28. Rc7 Rd5 29. Kg2 Bc5 30. Rc1 Bb6 31. Bxb6 axb6 32. Kf1 Kh7 33. Rd1 g5 34.
Rc3 Rbd8 35. Rc6 Ra8 36. Rxb6 Rxa4 37. Ra6 Rc4 38. Ra3 Rxb5 1/2-1/2

[Event "XLI Rilton Cup 2011-12"]
[Site "Stockholm SWE"]
[Date "2012.01.05"]
[Round "9"]
[White "Pettersson, Anders1"]
[Black "De Filomeno, Simone"]
[Result "1-0"]
[BlackTitle "FM"]
[WhiteElo "2207"]
[BlackElo "2299"]
[WhiteFideId "1709771"]
[BlackFideId "828688"]
[EventDate "2011.12.27"]

1. d4 d5 2. c4 e6 3. Nc3 Nf6 4. Nf3 c6 5. Bg5 dxc4 6. e4 b5 7. e5 h6 8. Bh4 g5
9. Nxg5 hxg5 10. Bxg5 Nbd7 11. exf6 Bb7 12. g3 c5 13. d5 Qb6 14. Bg2 b4 15. O-O
O-O-O 16. Rb1 Qa6 17. dxe6 Bxg2 18. e7 Bxe7 19. fxe7 Bxf1 20. exd8=Q+ Rxd8 21.
Qxf1 f6 22. Bf4 bxc3 23. bxc3 Qxa2 24. Ra1 Qc2 25. Qxc4 Re8 26. Qa6+ Kd8 27.
Qa5+ Ke7 28. Qc7 Qe2 29. Qd6+ Kd8 30. Rd1 Qb5 31. Qxf6+ Kc8 32. Qd6 Qb7 33. Qg6
Rh8 34. Rb1 Qd5 35. c4 Qh5 36. Qc6+ Kd8 37. Qc7+ Ke8 38. Re1+ Kf8 39. Qd8+ 1-0

[Event "XLI Rilton Cup 2011-12"]
[Site "Stockholm SWE"]
[Date "2012.01.05"]
[Round "9"]
[White "Aperia, Jakob"]
[Black "Codenotti, Marco"]
[Result "0-1"]
[BlackTitle "FM"]
[WhiteElo "2059"]
[BlackElo "2293"]
[WhiteFideId "1711423"]
[BlackFideId "800015"]
[EventDate "2011.12.27"]

1. c4 Nf6 2. g3 g6 3. Bg2 Bg7 4. Nc3 O-O 5. d3 d6 6. Bg5 h6 7. Bd2 e5 8. e4 a6
9. Nge2 b5 10. O-O c6 11. cxb5 axb5 12. d4 b4 13. dxe5 dxe5 14. Nb1 Ba6 15. a3
c5 16. axb4 Bxe2 0-1

[Event "XLI Rilton Cup 2011-12"]
[Site "Stockholm SWE"]
[Date "2012.01.05"]
[Round "9"]
[White "Olund, Joar"]
[Black "Mack, Wolfgang"]
[Result "0-1"]
[WhiteElo "2141"]
[BlackElo "2293"]
[WhiteFideId "1714848"]
[BlackFideId "4685458"]
[EventDate "2011.12.27"]

1. d4 g6 2. c4 Bg7 3. Nf3 d6 4. e4 e5 5. Nc3 Nc6 6. Bg5 Qd7 7. Be3 Nf6 8. d5 Ne7
9. h3 Nh5 10. c5 O-O 11. Bc4 h6 12. Qb3 Nf4 13. Rh2 Kh7 14. O-O-O f5 15. Qa3
fxe4 16. Nxe4 Nf5 17. Bd2 dxc5 18. Nxc5 Qe7 19. g3 Nd6 20. Bb3 Ne2+ 0-1